Statistics for Top 15 Countries with Covid-19 Deaths - 20 July

Click here to take the quiz!

General Stats

  • This quiz has been taken 10 times
  • The average score is 15 of 20

Answer Stats

country% Correct
Spain
100%
United Kingdom
100%
United States
100%
Brazil
90%
France
90%
Germany
90%
India
90%
Italy
90%
Mexico
90%
Russia
90%
Canada
70%
Netherlands
70%
Peru
70%
Belgium
60%
Chile
60%
Iran
60%
Sweden
60%
Ecuador
50%
Panama
50%
Ireland
40%

Score Distribution

Percentile by Number Answered

Percent of People with Each Score

Your Score History

You have not taken this quiz